The Law reports: (Record no. 4126)

MARC details
000 -LEADER
fixed length control field 00478nam a22001457a 4500
008 - FIXED-LENGTH DATA ELEMENTS--GENERAL INFORMATION
fixed length control field 140903b xxu||||| |||| 00| 0 eng d
020 ## - INTERNATIONAL STANDARD BOOK NUMBER
International Standard Book Number 0406090181
050 ## - LIBRARY OF CONGRESS CALL NUMBER
Classification number KD275.4.
Item number L39
245 ## - TITLE STATEMENT
Title The Law reports:
Remainder of title Cases determined by the court for crown cases reserved.
Statement of responsibility, etc. Edited by: James Redfoord Bulwer.
260 ## - PUBLICATION, DISTRIBUTION, ETC.
Place of publication, distribution, etc. London:
Name of publisher, distributor, etc. Butterworth & Co Ltd.,
Date of publication, distribution, etc. 1872.
300 ## - PHYSICAL DESCRIPTION
Extent Vi, 179p.:
Dimensions 24cm.
440 ## - SERIES STATEMENT/ADDED ENTRY--TITLE
Name of part/section of a work Crown Cases reserved.
800 ## - SERIES ADDED ENTRY--PERSONAL NAME
Personal name BulwerJames Redfoord
942 ## - ADDED ENTRY ELEMENTS (KOHA)
Source of classification or shelving scheme Library of Congress Classification
Koha item type Books
Holdings
Withdrawn status Lost status Source of classification or shelving scheme Damaged status Not for loan Home library Current library Shelving location Date acquired Total Checkouts Full call number Barcode Date last seen Copy number Price effective from Koha item type
    Library of Congress Classification     WISCONSIN INTERNATIONAL UNIVERSITY COLLEGE, GHANA - MAIN LIBRARY WISCONSIN INTERNATIONAL UNIVERSITY COLLEGE, GHANA - MAIN LIBRARY Law Library 03/09/2014   KD275.4. L39 2080/1079 03/09/2014 1 03/09/2014 Books

If you have any concerns or questions; kindly contact the library


© Powered by WIUC ICT DIRECTORATE